000 00534 a2200205 4500
005 20260210104721.0
008 260209b |||||||| |||| 00| 0 eng d
020 _a9780198845461
_cRs. 350.00
040 _aMAIN
082 _a932
_bS26A(2)
100 _aShaw, Lan
245 _aAncient egypt: A very short introduction
250 _a2nd
260 _bOxford University Press
_c2021
_aNew York
300 _axxvii, 183
650 _aHistory
650 _aAncient Egypt
650 _aHistory Ancient World
942 _cBK
999 _c395261
_d395261